00314 a2200145 450000100060000002000150000604000240002110000190004524000230006424500180008730000070010536200090011244000230012165000240014468890 a8576661780 cAnchieta - Itaigara aSouza, Shirley10aAi! que medo!lpor10aAi! que medo! a240 a2005 1aEscala Educacional 4aLiteratura infantil